Contexto macroeconm̤ico y precio de las acciones

Bibliographic Details
Main Author: Morales Castro, Arturo
Other Authors: Aguilera Alejo, Guillermo
Format: eBook
Language:Spanish
Published: Bogot:̀ Ecoe Ediciones S.A.S., 2018
Subjects:
Online Access:Acceso restringido

MARC

LEADER 00000nam a22000007a 4500
005 2022082504404.0
007 cr|||| ||||
008 220825s2018 co |||||s|||| 00||0 spa d
020 |a 978-607-978-510-9 
035 |a 36976 
040 |a vLex 
090 |c 13838  |d 13838 
100 1 |a Morales Castro, Arturo 
245 1 0 |a Contexto macroeconm̤ico y precio de las acciones  |h [Recurso electrn̤ico] /  |c Arturo Morales Castro, Guillermo Aguilera Alejo 
256 |a Servicio en ln̕ea 
260 |a Bogot:̀  |b Ecoe Ediciones S.A.S.,  |c 2018 
300 |a 1 recurso electrn̤ico 
500 |a Anl̀isis a la economa̕ mexicana en el contexto de liberalizacin̤ financiera y polt̕ica de tipo de cambio flexible (1995-2017) En los campos de la economa̕ y las finanzas tanto burst̀iles como corporativas existen diversas metodologa̕s que intentan determinar el precio de las acciones, debido a que esta variable es relevante para la toma de decisiones en cuanto a la inversin̤ y la especulacin̤ financiera, as ̕como para la determinacin̤ del costo promedio ponderado del capital y la eficiencia de la inversin̤ productiva. Esta investigacin̤ aplica tčnicas economťricas con el fin de estimar el precio de las acciones del mercado accionario mexicano, basadas en las variables que caracterizan el entorno macroeconm̤ico en el que las corporaciones desarrollan sus operaciones; adems̀, considera las variables de orden cualitativo que causaron sobrerreacciones en el mercado secundario de acciones mexicano. El libro est ̀dirigido al pb︢lico en general, desde curiosos en el tema, estudiantes de licenciaturas y posgrados, hasta profesionales e investigadores en las r̀eas econm̤ico-administrativas, tales como la economa̕, la administracin̤, las finanzas, la contadura̕ y la polt̕ica; as ̕como para quienes participan en el campo de la inversin̤ burst̀il. 
506 1 |a Disponible solo en los productos indicados  |d vLex Global  |d vLex Global (Academic Edition, excluding Law Schools)  |d vLex Global (U.S. Academic Edition, Law Schools)  |d vLex Global (U.S. Academic Edition, excluding Law Schools)  |d vLex Global (Academic Edition, Law Schools) 
650 0 4 |a Contabilidad  |z Colombia 
650 0 4 |a Banca y finanzas  |z Colombia 
700 1 |a Aguilera Alejo, Guillermo 
740 0 |a vLex Libros (Servicio en ln̕ea) 
856 4 0 |u https://app.vlex.com/#/sources/36976  |z Acceso restringido 
942 |c BOOK 
999 0 |a Accounting 
999 0 |a Banking and finance